[Event "FIDE World Rapid-ch Open 2018"]
[White "Tukhaev, Adam"]
[Black "Carlsen, Magnus"]
[Site "St. Petersburg"]
[Round "1.1"]
[Annotator "TA"]
[Result "1-0"]
[Date "2018.12.26"]
[WhiteElo "2527"]
[BlackElo "2835"]
[PlyCount "144"]

1. e4 {} c5 2. Nf3 Nc6 3. d4 cxd4 4. Nxd4 Nf6 5. Nc3 e5 6. Ndb5 d6 7. Bg5 a6 8. Na3 b5 9. Nd5 Be7 10. Bxf6 Bxf6 11. c3 0-0 12. Be2 Bg5 13. Nc2 Ne7 14. Nxe7+ {B33: Sicilian: Pelikan and Sveshnikov Variations} (14. Ncb4 a5 15. Nxe7+ Qxe7 16. Nd5 Qb7 17. Qd3 Bd7 18. 0-0 Bc6 19. Rfd1 b4 20. Qg3 Bxd5 21. Rxd5 Be7 22. c4 {1-0 (49) Naiditsch,A (2685)-Fier,A (2636) Linares 2015} )Qxe7 15. 0-0 {LiveBook: 3 Games} Bb7 16. Qd3 {[#]} (16. Bf3 $11 )d5 $1 $15 {
} 17. exd5 Rad8 $1 {} 18. c4 $146 ({
Predecessor:} 18. Ne3 e4 19. Nf5 exd3 {0-1 (19) Alvarez Justo,E (2033)-Alcala
Valiente,J (2143) Sant Adria de Besos 2017} )bxc4 19. Qa3 Qc7 20. Rfd1 Bxd5 21. Qxa6 Ra8 22. Qb5 Be6 {Hoping for ...Rfb8.} 23. Qb4 (23. Nb4 $1 $15 )Rab8 24. Qc3 Bf6 25. Rab1 e4 26. Nd4 Qa7 {aiming for ...Rfd8.} 27. Qe3 $1 Bxd4 28. Qxd4 Qxa2 29. Rbc1 {} Rxb2 30. Bxc4 (30. Ra1 $15 Rxe2 31. Rxa2 Rxa2 32. h3 )Bxc4 $17 31. Qxc4 Rxf2 32. Qxe4 Rf6 33. Rf1 Re6 34. Qc4 Qd2 35. Qc3 Qg5 36. Qc5 Re5 37. Qc4 {Qxf7+! would kill now.} g6 (37... Qe3+ {
feels hotter.} 38. Kh1 Re7 39. Qf4 Qe6 40. h3 Rfe8 )38. Rc3 Qd8 39. Rcf3 {
} Qe7 40. Rf4 Kg7 41. Qc3 f6 42. Rc4 {Rc7 is the strong threat.} Rf7 43. Rc6 Re2 44. Qd4 h5 45. Qd3 Qe5 46. Qf3 Qd4+ 47. Kh1 Re3 48. Qd1 Qe4 49. Rd6 Re2 {} 50. Rg1 Re3 (50... Re7 $17 51. Rd4 Qc6 )51. Rd4 (51. Rf1 $1 $11 )Qb7 52. Rd3 Re5 53. Qf3 Qe7 54. Rd5 Re3 55. Qd1 h4 56. Qg4 g5 57. Qd4 Re4 58. Qc3 Kh6 59. Rf5 Qe6 60. Rgf1 {} Kg6 (60... Kh5 {is interesting.} 61. Kg1 Kg6 62. h3 Re5 63. R5f2 Kg7 )61. Qd3 Qxf5 ({Better is} 61... Kg7 $17 62. Qc3 Re3 )62. Rxf5 $11 Kxf5 $17 {
Endgame KQ-KRR} 63. g4+ Ke5 64. Qb5+ Kf4 65. Qf5+ Ke3 66. Qc5+ Rd4 {next ...
Rfd7 is good for Black.} 67. Qc1+ Ke4 68. Qc2+ Ke5 69. Qf5+ (69. Qe2+ $11 {
keeps the balance.} Kd6 70. Qb2 )Kd6 70. Kg2 {[#]} Rd5 $2 (70... Rf4 $1 $17 {} 71. Qd3+ Kc7 )71. Qg6 $11 Ke6 72. Kh3 $2 (72. Qe4+ $11 Kd6 73. Qb4+ Ke5 74. Qe1+ Kd6 75. Qb4+ Ke5 76. Qe1+ Kd6 77. Qb4+ )Rfd7 {
 Accuracy: White = 48%, Black = 54%. . Loss on time!?} 1-0

[Event "FIDE World Rapid-ch Open 2018"]
[White "Nakamura, Hikaru"]
[Black "Teske, Henrik"]
[Site "St. Petersburg"]
[Round "1.2"]
[Annotator "TA"]
[Result "1-0"]
[Date "2018.12.26"]
[WhiteElo "2746"]
[BlackElo "2483"]
[PlyCount "95"]

1. Nf3 {} Nf6 2. g3 d5 3. Bg2 g6 4. c4 dxc4 (4... c6 5. b3 Bg7 6. Bb2 0-0 7. 0-0 Bg4 8. d4 Nbd7 9. Nc3 Qa5 10. Rc1 Bxf3 11. Bxf3 e6 12. e3 Rfc8 13. Qe2 a6 14. Rfd1 b5 15. e4 bxc4 16. bxc4 {1-0 (54) Le,Q (2715)-Melkumyan,H (2660) chess.com INT
2018} )5. Na3 {} Be6 6. Qc2 {A09: Réti
Opening: 1 Nf3 d5 2 c4} Bg7 7. Nxc4 {LiveBook: 3 Games} 0-0 8. 0-0 {The
position is equal.} c5 9. Nce5 $146 ({Predecessor:} 9. d3 Nc6 10. Be3 b6 11. Rfc1 Nd5 12. Bd2 h6 13. a3 Qd7 14. Rab1 {0-1 (37) Nanu,C (2418)-Lupulescu,C 
(2348) Baile Tusnad 2001} )Qb6 (9... Na6 $11 )10. Ng5 Bd5 11. e4 Nc6 12. Nxg6 (12. f4 $5 {} Nd4 13. Qd1 $11 )hxg6 13. exd5 Nd4 14. Qc4 Ng4 15. f4 Rad8 16. h3 Nf6 17. d3 (17. Rb1 $11 )Ne8 { Black
has compensation.} (17... Qc7 $5 {} 18. a4 b6 $11 )18. Kh2 Nd6 19. Qa4 Qc7 ({Black should try} 19... Rc8 $15 )20. Bd2 $14 b6 21. Rac1 N6f5 {
With the idea ...Ne2.} 22. Rfe1 Bh6 {[#] Hoping for ...Bxg5.} 23. Ne4 Kg7 24. d6 (24. b4 $16 )Rxd6 (24... exd6 $14 25. Nc3 Kh8 )25. Nxd6 $16 Qxd6 26. Re4 ({But not} 26. Qxa7 $6 g5 $11 )(26. b4 $142 )a5 27. Rce1 Kh7 28. a3 Rd8 29. b4 (29. Bc3 $14 )axb4 30. axb4 c4 31. Qa2 Nb3 32. Bf1 (32. Be3 $1 $14 )Nfd4 ({Better is} 32... Qd5 $1 $15 33. g4 Nh4 )33. R1e3 (33. Bg2 $11 {remains equal.} e6 34. Bc3 cxd3 35. Rd1 )e6 $2 {} (33... Nxd2 $17 34. Qxd2 Bg7 )34. Bc3 $18 Nf5 35. Re1 Nbd4 {Strongly threatening ...Nf3+.} 36. Qf2 Nb5 $2 {} (36... cxd3 $16 {is a better chance.} 37. Rd1 (37. Bxd3 Nf3+ 38. Qxf3 Qxd3 $16 )Qd5 )37. Be5 Qxb4 {Now ...Nbd6 and Black
clings on.} 38. Rxc4 {} Qb3 (38... Qf8 $142 39. Qxb6 Nbd6 )39. g4 {White is clearly winning.} Nfd6 40. Rc2 Qb4 41. Rb2 Qa4 42. d4 Nc4 43. Bxc4 Qxc4 44. Qh4 {White threatens g5 and mate.} Nxd4 45. Qxd8 {
 [#] Double Attack} Nf3+ 46. Kh1 {
} Nxe5 47. fxe5 Qc3 48. Qh4 {Accuracy: White = 46%, Black = 28%.} 1-0

[Event "FIDE World Rapid-ch Open 2018"]
[White "Tari, Aryan"]
[Black "Artemiev, Vladislav"]
[Site "St. Petersburg"]
[Round "1.3"]
[Annotator "ChessBase"]
[Result "0-1"]
[Date "2018.12.26"]
[WhiteElo "2620"]
[BlackElo "2709"]
[PlyCount "120"]
[TimeControl "900+10"]

1. e4 {[%emt 0:0:0]} c5 {[%emt 0:0:0]} 2. Nf3 {[%emt 0:0:0]} d6 {[%emt 0:0:0]} 3. Bb5+ {[%emt 0:0:21]} Bd7 {[%emt 0:0:19]} 4. c4 {[%emt 0:0:2]} Nc6 {[%emt 0:0:2]} 5. d4 {[%emt 0:0:12]} cxd4 {[%emt 0:0:3]} 6. Nxd4 {[%emt 0:0:2]
} g6 {[%emt 0:0:2]} 7. Nc3 {[%emt 0:0:10]} Bg7 {[%emt 0:0:2]
} 8. Be3 {[%emt 0:0:2]} Nf6 {[%emt 0:0:3]} 9. f3 {[%emt 0:0:51]} 0-0 {[%emt 0:0:8]
} 10. Bxc6 {[%emt 0:0:47]} bxc6 {[%emt 0:0:4]} 11. 0-0 {[%emt 0:0:2]
} e5 {[%emt 0:0:18]} 12. Nde2 {[%emt 0:0:23]} Be6 {[%emt 0:0:0]} 13. Qa4 {[%emt 0:0:38]} d5 {[%emt 0:0:4]} 14. cxd5 {[%emt 0:0:19]} cxd5 {[%emt 0:0:3]} 15. exd5 {[%emt 0:0:2]} Nxd5 {[%emt 0:0:2]} 16. Nxd5 {[%emt 0:1:2]} Qxd5 {[%emt 0:0:3]} 17. Rfd1 {[%emt 0:0:2]} Qb7 {[%emt 0:0:0]} 18. Rd2 {[%emt 0:0:5]} a5 {[%emt 0:3:23]} 19. Nc3 {[%emt 0:1:38]} Qb4 {[%emt 0:0:15]} 20. Qxb4 {[%emt 0:2:0]} axb4 {[%emt 0:0:3]} 21. Nd5 {[%emt 0:0:1]
} Bxd5 {[%emt 0:2:44]} 22. Rxd5 {[%emt 0:0:1]} e4 {[%emt 0:0:0]} 23. Bd4 {[%emt 0:2:26]} exf3 {[%emt 0:0:4]} 24. Bxg7 {[%emt 0:0:11]} Kxg7 {[%emt 0:0:2]} 25. gxf3 {[%emt 0:0:2]} Rfc8 {[%emt 0:0:7]} 26. Rd2 {[%emt 0:0:31]
} Ra5 {[%emt 0:0:24]} 27. Kf2 {[%emt 0:0:25]} Rh5 {[%emt 0:0:0]} 28. Kg3 {[%emt 0:0:28]} Rg5+ {[%emt 0:0:2]} 29. Kf2 {[%emt 0:0:2]} Rc4 {[%emt 0:0:2]} 30. a4 {[%emt 0:1:26]} bxa3 {[%emt 0:0:30]} 31. bxa3 {[%emt 0:0:6]
} Rh4 {[%emt 0:0:33]} 32. Kf1 {[%emt 0:0:33]} Ra4 {[%emt 0:0:0]} 33. Re2 {[%emt 0:0:33]} Kf6 {[%emt 0:0:43]} 34. Rg2 {[%emt 0:1:3]} Rf5 {[%emt 0:0:44]} 35. Kf2 {[%emt 0:0:52]} h5 {[%emt 0:0:48]} 36. Ke3 {[%emt 0:0:0]} Re5+ {[%emt 0:0:43]} 37. Kf2 {[%emt 0:0:1]} Kf5 {[%emt 0:0:16]} 38. Rgg1 {[%emt 0:0:7]} Kf4 {[%emt 0:1:38]} 39. Rge1 {[%emt 0:0:10]} Rea5 {[%emt 0:1:45]
} 40. Re3 {[%emt 0:0:8]} Kf5 {[%emt 0:0:54]} 41. Rb1 {[%emt 0:0:0]} g5 {[%emt 0:0:11]} 42. Rb4 {[%emt 0:0:40]} Rxa3 {[%emt 0:0:12]} 43. Rxa3 {[%emt 0:0:1]} Rxa3 {[%emt 0:0:1]} 44. h4 {[%emt 0:0:29]} g4 {[%emt 0:0:5]
} 45. Rb5+ {[%emt 0:0:11]} Ke6 {[%emt 0:0:1]} 46. Rb6+ {[%emt 0:0:48]
} Ke7 {[%emt 0:0:2]} 47. Rb7+ {[%emt 0:0:23]} Kf6 {[%emt 0:0:0]} 48. Rb6+ {[%emt 0:0:9]} Kg7 {[%emt 0:0:3]} 49. fxg4 {[%emt 0:0:20]} hxg4 {[%emt 0:0:2]} 50. Rb5 {[%emt 0:0:29]} f6 {[%emt 0:0:48]} 51. Kg2 {[%emt 0:0:13]
} Rf3 {[%emt 0:0:45]} 52. Rb4 {[%emt 0:1:9]} f5 {[%emt 0:0:0]} 53. Rb6 {[%emt 0:0:10]} Rh3 {[%emt 0:0:2]} 54. Rc6 {[%emt 0:0:29]} Rxh4 {[%emt 0:0:9]} 55. Kg3 {[%emt 0:0:1]} Rh3+ {[%emt 0:0:1]} 56. Kf4 {[%emt 0:0:0]
} Rf3+ {[%emt 0:0:1]} 57. Kg5 {[%emt 0:0:1]} Kf7 {[%emt 0:0:0]} 58. Ra6 {[%emt 0:0:29]} g3 {[%emt 0:0:8]} 59. Rf6+ {[%emt 0:0:13]} Ke7 {[%emt 0:0:2]} 60. Rg6 {[%emt 0:0:1]} Rf1 {[%emt 0:0:17]} 0-1

[Event "FIDE World Rapid-ch Open 2018"]
[White "Fedoseev, Vladimir"]
[Black "Tregubov, Pavel V."]
[Site "St. Petersburg"]
[Round "1.4"]
[Annotator "RC"]
[Result "1/2-1/2"]
[Date "2018.12.26"]
[WhiteElo "2719"]
[BlackElo "2592"]
[PlyCount "126"]
[TimeControl "900+10"]

1. e4 {[%emt 0:0:0]} e5 {[%emt 0:0:0]} 2. Nf3 {[%emt 0:0:4]} Nf6 {[%emt 0:0:0]
} 3. Nxe5 {[%emt 0:0:9]} d6 {[%emt 0:0:0]} 4. Nd3 {[%emt 0:0:0]} Nxe4 {[%emt 0:0:3]} 5. Qe2 {[%emt 0:0:2]} Qe7 {[%emt 0:0:14]} 6. Nc3 {[%emt 0:0:2]} Nf6 {[%emt 0:0:35]} 7. b3 {[%emt 0:0:2]} c6 {[%emt 0:0:0]} 8. Bb2 {[%emt 0:0:14]} Qxe2+ {[%emt 0:2:31]} 9. Nxe2 {[%emt 0:0:5]} Be7 {[%emt 0:0:45]} 10. f3 {[%emt 0:0:2]} h5 {[%emt 0:0:46]} 11. h4 {[%emt 0:0:8]
} Na6 {[%emt 0:0:19]} 12. 0-0-0 {[%emt 0:0:22]} Bd7 {[%emt 0:0:0]} 13. g3 {[%emt 0:1:48]} 0-0-0 {[%emt 0:0:6]} 14. Nef4 {[%emt 0:0:23]
} Rde8 {[%emt 0:0:12]} 15. Bh3 {[%emt 0:0:31]} Bd8 {[%emt 0:0:41]} 16. Rde1 {[%emt 0:0:58]} Rxe1+ {[%emt 0:0:58]} 17. Rxe1 {[%emt 0:0:4]} Nc7 {[%emt 0:0:0]} 18. Nf2 {[%emt 0:0:34]} Re8 {[%emt 0:1:48]} 19. Rxe8 {[%emt 0:1:55]} Ncxe8 {[%emt 0:0:2]} 20. Kd1 {[%emt 0:1:23]} g6 {[%emt 0:0:23]} 21. Ke2 {[%emt 0:0:23]
} Bxh3 {[%emt 0:0:27]} 22. N2xh3 {[%emt 0:0:21]} Kd7 {[%emt 0:0:0]} 23. Ng5 {[%emt 0:0:12]} Ke7 {[%emt 0:0:3]} 24. c4 {[%emt 0:0:42]} Bc7 {[%emt 0:0:19]} 25. Ng2 {[%emt 0:1:58]} d5 {[%emt 0:0:29]} 26. f4 {[%emt 0:0:27]
} Ne4 {[%emt 0:1:58]} 27. Nxe4 {[%emt 0:0:22]} dxe4 {[%emt 0:0:0]} 28. Bd4 {[%emt 0:0:9]} a6 {[%emt 0:0:35]} 29. Ne3 {[%emt 0:1:3]} Ke6 {[%emt 0:0:20]} 30. c5 {[%emt 0:0:54]} f6 {[%emt 0:0:50]} 31. d3 {[%emt 0:3:0]
} exd3+ {[%emt 0:0:3]} 32. Kxd3 {[%emt 0:0:2]} Ng7 {[%emt 0:0:0]} 33. Nc4 {[%emt 0:0:13]} Nf5 {[%emt 0:0:23]} 34. Bf2 {[%emt 0:0:1]} Kd5 {[%emt 0:3:37]} 35. b4 {[%emt 0:0:13]} Bd8 {[%emt 0:0:2]} 36. Nd2 {[%emt 0:0:5]
} a5 {[%emt 0:0:29]} 37. a3 {[%emt 0:0:1]} axb4 {[%emt 0:0:0]} 38. axb4 {[%emt 0:0:2]} Ke6 {[%emt 0:0:13]} 39. Kc4 {[%emt 0:0:52]} Ne7 {[%emt 0:0:8]} 40. Nf3 {[%emt 0:0:18]} Nf5 {[%emt 0:0:21]} 41. Ne1 {[%emt 0:0:21]
} Bc7 {[%emt 0:0:4]} 42. Nf3 {[%emt 0:0:13]} Bd8 {[%emt 0:0:0]} 43. Kd3 {[%emt 0:0:4]} Kd5 {[%emt 0:0:6]} 44. Nd2 {[%emt 0:0:3]} g5 {[%emt 0:0:20]} 45. Ne4 {[%emt 0:0:5]} gxf4 {[%emt 0:0:9]} 46. gxf4 {[%emt 0:0:2]
} Ke6 {[%emt 0:0:7]} 47. Nd2 {[%emt 0:0:14]} Ne7 {[%emt 0:0:0]} 48. Nf3 {[%emt 0:0:32]} Nd5 {[%emt 0:0:10]} 49. Nd4+ {[%emt 0:0:1]} Kd7 {[%emt 0:0:6]} 50. Be1 {[%emt 0:0:24]} Nxf4+ {[%emt 0:0:3]} 51. Ke4 {[%emt 0:0:1]
} Ne6 {[%emt 0:0:14]} 52. Nf5 {[%emt 0:0:9]} b6 {[%emt 0:0:0]} 53. cxb6 {[%emt 0:0:4]} Bxb6 {[%emt 0:0:1]} 54. Bc3 {[%emt 0:0:14]} Bd8 {[%emt 0:0:3]} 55. Bb2 {[%emt 0:0:5]} Ke8 {[%emt 0:0:10]} 56. Nd6+ {[%emt 0:0:20]
} Ke7 {[%emt 0:0:7]} 57. Nc4 {[%emt 0:0:7]} Kf7 {[%emt 0:0:0]} 58. Kf5 {[%emt 0:0:9]} Be7 {[%emt 0:0:14]} 59. Bxf6 {[%emt 0:0:25]} Bxf6 {[%emt 0:0:28]} 60. Nd6+ {[%emt 0:0:1]} Ke7 {[%emt 0:0:4]} 61. Nc8+ {[%emt 0:0:1]
} Kf7 {[%emt 0:0:46]} 62. Nd6+ {[%emt 0:0:2]} Ke7 {[%emt 0:0:0]} 63. Nc8+ {[%emt 0:0:1]} Kf7 {[%emt 0:0:11]} 1/2-1/2

[Event "FIDE World Rapid-ch Open 2018"]
[White "Hovhannisyan, Robert"]
[Black "Aronian, Levon"]
[Site "St. Petersburg"]
[Round "1.5"]
[Annotator "TA"]
[Result "1-0"]
[Date "2018.12.26"]
[WhiteElo "2637"]
[BlackElo "2765"]
[PlyCount "133"]

1. e4 {} g6 2. d4 Bg7 3. Nc3 c6 4. Nf3 d6 5. h3 Nf6 6. Bd3 0-0 7. 0-0 {LiveBook: 83
Games} Re8 {B08: Pirc Defence: Classical System} (7... Nbd7 8. e5 Ne8 9. Bf4 dxe5 10. dxe5 Nc5 11. Qd2 Bf5 12. Bxf5 Qxd2 13. Bxd2 gxf5 14. Bg5 f6 15. exf6 Nxf6 {1/2-1/2 (46) Gabuzyan,H (2578)-Petrosian,T (2643) Golden Sands 2015} )8. Bf4 $146 ({Predecessor:} 8. a4 a5 9. Be3 Qc7 10. Qe2 b6 11. d5 c5 12. Nd2 Ba6 13. Nb5 Bxb5 14. Bxb5 Nbd7 15. c3 {1/2-1/2 (70) Draskovic,L (2330)-Shabanaj,S 
(2170) Cetinje 2012} )Qb6 9. Rb1 Nbd7 {
White is slightly better.} 10. e5 dxe5 11. dxe5 Nd5 12. Nxd5 cxd5 13. Qd2 (13. c3 {is interesting.} Nc5 14. Bc2 Ne6 15. Be3 Qc6 16. Re1 )Nc5 14. Rfe1 Nxd3 15. cxd3 d4 16. Bh6 Bf5 17. Bxg7 Kxg7 18. Rbc1 Rad8 19. Rc4 a5 20. b4 a4 21. a3 Rd5 22. Rec1 Red8 23. Rc7 R8d7 24. Rxd7 Rxd7 25. Rc5 h6 26. g4 Be6 27. Qf4 Qd8 28. Kh2 b6 29. Rc1 Bd5 (29... g5 $11 {remains equal.} 30. Nxg5 hxg5 31. Qxg5+ Kf8 )30. h4 (30. Nxd4 $16 Rc7 31. Kg3 )Bxf3 $11 31. Qxf3 { Endgame KQR-KQR} e6 (31... Rc7 $11 32. Rxc7 Qxc7 )32. Kg3 $14 Rd5 {[#]} 33. Qe4 $1 Qb8 34. f4 b5 35. Kf3 (35. Rc2 $16 )Qd8 $1 $11 36. g5 hxg5 $1 37. hxg5 Qh8 $2 (37... Qb8 $11 )38. Kg3 $18 Qb8 $2 {[#]} (38... Rd8 39. Rh1 Qg8 )39. Qh1 $1 { White wants to mate with Qh6+.} Qh8 (39... Qf8 $142 40. Qh6+ Kg8 41. Qxf8+ Kxf8 )40. Qxh8+ Kxh8 {KR-KR} 41. Rc8+ Kg7 42. Kf3 Kh7 43. Ke4 Kg7 44. Rb8 Kh7 45. Ra8 Kg7 46. Rc8 Rd7 47. Rc5 Rb7 48. Kxd4 Kf8 49. Rc6 Rd7+ 50. Ke4 Ke7 51. Rb6 Rc7 52. Kd4 Rd7+ 53. Kc3 Rd5 54. Rb7+ Kf8 55. d4 Ke8 56. Kd3 Kf8 57. Rc7 Ke8 58. Ke3 Kf8 59. Ke4 Ke8 60. Kd3 Kf8 (60... Rd8 $142 61. Rb7 Rd5 )61. Rc5 Ke7 62. Rxd5 {White mates.} exd5 63. Ke3 Kd7 64. Kf3 Ke7 65. Kg4 Ke6 {[#]} 66. f5+ $1 {} Ke7 (66... gxf5+ 67. Kf4 )67. Kf4 {
Accuracy: White = 61%, Black = 43%.} 1-0

[Event "FIDE World Rapid-ch Open 2018"]
[White "Mamedyarov, Shakhriyar"]
[Black "Gasanov, Eldar"]
[Site "St. Petersburg"]
[Round "1.6"]
[Annotator "TA"]
[Result "1-0"]
[Date "2018.12.26"]
[WhiteElo "2817"]
[BlackElo "2499"]
[PlyCount "42"]

1. d4 {} f5 2. c4 Nf6 3. Nc3 e6 4. e3 b6 5. d5 (5. Bd3 Bb7 6. f3 c5 7. Nge2 Nc6 8. 0-0 Bd6 9. d5 Ne5 10. e4 fxe4 11. Nxe4 Nxe4 12. Bxe4 Qc7 13. Nc3 Nxc4 14. f4 0-0-0 {1-0 (48) Laznicka,V
(2679)-Vallejo Pons,F (2698) Dubai 2014} )Bd6 $146 ({Predecessor:} 5... Bb4 6. Nge2 0-0 7. a3 Bd6 8. g3 Ba6 9. Bg2 Bxc4 10. dxe6 Nc6 11. exd7 Qxd7 12. Qa4 b5 13. Nxb5 Ne5 14. Bxa8 Bxb5 15. Qxa7 Bxe2 16. Kxe2 Qb5+ 17. Kd1 Ne4 18. Bxe4 fxe4 19. Qd4 Rxf2 {0-1 (19) Fourzan,R-Schuster,P (2547) ICCF email 2002} )6. g3 {A85: Dutch Defence: 2 c4 Nf6 3 Nc3} Bb7 7. Bg2 0-0 8. Nge2 {The
position is equal.} Na6 9. 0-0 c6 10. b3 Nc7 (10... Qe7 $11 {remains equal.} )11. dxc6 dxc6 12. Nd4 Qd7 13. Bb2 g6 (13... Rab8 $14 )14. Ncb5 $16 Nxb5 $2 {[#]
} (14... Rad8 $16 {keeps fighting.} )15. cxb5 $18 Ne4 (15... Qe7 $142 16. Qd3 (16. bxc6 Ba6 $16 )(16. Nxc6 Bxc6 17. bxc6 Ba3 $18 )a5 17. Nxc6 Bxc6 )16. bxc6 Bxc6 17. Nxc6 Qxc6 {[#]} 18. Rc1 $2 (18. Qd4 e5 $16 )(18. Bxe4 fxe4 19. Qd4 e5 $16 )(18. f3 $1 $18 { is the precise move to win.} Ng5 19. f4 (19. Qd4 e5 $16 ))Qd5 $16 19. Qxd5 exd5 20. Rfd1 Rac8 21. Bxe4 Rxc1 $4 { Accuracy: White = 55%, Black =  7%.} (21... fxe4 $16 22. Rxc8 (22. Rxd5 Rxc1+ 23. Bxc1 Bc5 $16 )Rxc8 )1-0

[Event "FIDE World Rapid-ch Open 2018"]
[White "Gabrielian, Artur"]
[Black "Wang, Hao"]
[Site "St. Petersburg"]
[Round "1.7"]
[Annotator "TA"]
[Result "0-1"]
[Date "2018.12.26"]
[WhiteElo "2499"]
[BlackElo "2730"]
[PlyCount "116"]

1. e4 {} e5 2. Nf3 Nc6 3. Bc4 Nf6 4. d3 h6 5. 0-0 d6 6. c3 g6 7. d4 Qe7 8. Re1 Bg7 9. h3 0-0 10. Nbd2 {} Bd7 11. a4 {LiveBook: 3
Games. C55: Two Knights: 4 d3, 4 d4 exd4 5 e5 and Max Lange Attack} (11. Nf1 Rfe8 12. Ng3 Qf8 13. Bd2 Rad8 14. a3 Bc8 15. Bb5 Bd7 16. Qb3 Na5 17. Qa4 Bxb5 18. Qxa5 c6 19. dxe5 {1-0 (92) Sethuraman,S (2646)-Karthikeyan,M (2585) Moscow
2018} )a5 12. Nf1 $146 ({Predecessor:} 12. b3 Rfe8 13. Ba3 Qd8 14. Kh2 {
1/2-1/2 (14) Zuriel,M (2197)-Hase,J (2311) Necochea 2007} )Rfe8 13. Ng3 {
White is slightly better.} Qf8 14. Qb3 (14. Bd2 $14 )exd4 $11 15. cxd4 (15. Nxd4 {keeps more tension.} d5 16. Bxd5 Nxd5 17. Qxd5 Nxd4 18. cxd4 Bc6 19. Qc4 )d5 $1 {} 16. exd5 Nxd4 17. Rxe8 Nxf3+ 18. Qxf3 Nxe8 19. Bb3 Qb4 20. Bf4 (20. Nf1 $15 )g5 $17 ({Don't play} 20... Bxb2 $6 21. Rb1 $11 )21. Bc1 Qe1+ 22. Nf1 Nd6 23. Qd1 Qxd1 24. Bxd1 b6 25. Bg4 ({White should
play} 25. Ra2 $15 )Bxg4 26. hxg4 Re8 27. Ne3 Re4 28. Ra2 Rb4 29. Kf1 Kf8 30. f3 Ke8 31. Ke2 Kd7 32. Kd3 Be5 33. Kc2 Bf4 34. Ra1 Nc4 ({Black should try} 34... Bxe3 $17 35. Bxe3 f5 )35. Nf5 $2 {[#]} (35. Nd1 $1 $11 {and White stays
safe.} )Bxc1 $1 $19 36. Rxc1 Rxb2+ { Endgame KRN-KRN} ({
Don't do} 36... Nxb2 37. Nxh6 Nxa4 38. Nxf7 $15 )37. Kc3 Rb4 38. Rh1 (38. Nxh6 $17 {was necessary.} Ne5 39. Rh1 )Rxa4 39. Rxh6 Ne5 40. Ng3 {[#]} (40. Kb2 $142 )Nxg4 $1 {} 41. Rh5 (41. fxg4 Ra3+ )Ne3 42. Rxg5 Nxg2 43. Ne4 Ne3 44. Kd3 Ra3+ 45. Kd4 Nc2+ 46. Ke5 Rxf3 47. Rg8 {White hopes
to continue with Nf6+.} Ne3 48. Nf6+ {[#]} Rxf6 $1 49. Kxf6 {and the idea Ke5
leaves White hopeful.} Nxd5+ {KR-KN} 50. Ke5 Kc6 51. Rg1 {Black must now
prevent Rc1+.} Nb4 52. Rc1+ Kd7 {Hoping for ...Nd3+.} 53. Kf6 $2 (53. Rf1 )c5 {Black is clearly winning.} 54. Kxf7 Kd6 55. Rd1+ Nd5 56. Kg6 Ke5 57. Re1+ Kd4 58. Kf5 Ne3+ {Precision: White = 35%, Black = 71%.} 0-1

[Event "FIDE World Rapid-ch Open 2018"]
[White "Karjakin, Sergey"]
[Black "Yilmaz, Mustafa"]
[Site "St. Petersburg"]
[Round "1.8"]
[Annotator "RC"]
[Result "1-0"]
[Date "2018.12.26"]
[WhiteElo "2753"]
[BlackElo "2636"]
[PlyCount "119"]
[TimeControl "900+10"]

1. e4 {[%emt 0:0:45]} c5 {[%emt 0:0:0]} 2. Nf3 {[%emt 0:0:3]} d6 {[%emt 0:0:0]} 3. d4 {[%emt 0:0:2]} cxd4 {[%emt 0:0:0]} 4. Nxd4 {[%emt 0:0:1]} Nf6 {[%emt 0:0:0]} 5. Nc3 {[%emt 0:0:1]} a6 {[%emt 0:0:0]} 6. Be3 {[%emt 0:0:9]
} e5 {[%emt 0:0:2]} 7. Nf3 {[%emt 0:0:2]} Be7 {[%emt 0:0:23]
} 8. Bc4 {[%emt 0:0:2]} 0-0 {[%emt 0:0:9]} 9. 0-0 {[%emt 0:0:2]} Nc6 {[%emt 0:1:17]
} 10. Re1 {[%emt 0:0:8]} Be6 {[%emt 0:0:30]} 11. Nd5 {[%emt 0:0:0]} Bxd5 {[%emt 0:0:40]} 12. exd5 {[%emt 0:0:7]} b5 {[%emt 0:0:4]} 13. Bf1 {[%emt 0:0:2]} Nb4 {[%emt 0:0:4]} 14. c4 {[%emt 0:0:2]} bxc4 {[%emt 0:0:29]
} 15. Bxc4 {[%emt 0:0:2]} Qa5 {[%emt 0:2:47]} 16. Bd2 {[%emt 0:0:8]
} Qb6 {[%emt 0:1:22]} 17. Nh4 {[%emt 0:3:56]} g6 {[%emt 0:0:0]} 18. Nf3 {[%emt 0:0:32]} Qb7 {[%emt 0:2:31]} 19. b3 {[%emt 0:2:52]} Nbxd5 {[%emt 0:0:11]} 20. Bh6 {[%emt 0:0:20]} Rfe8 {[%emt 0:0:45]} 21. Ng5 {[%emt 0:0:7]
} Bf8 {[%emt 0:1:42]} 22. Bxf8 {[%emt 0:0:2]} Rxf8 {[%emt 0:0:0]} 23. Qf3 {[%emt 0:0:10]} Qe7 {[%emt 0:0:29]} 24. Bxd5 {[%emt 0:1:21]} Nxd5 {[%emt 0:0:1]} 25. Qxd5 {[%emt 0:0:1]} Qxg5 {[%emt 0:0:2]} 26. Qxd6 {[%emt 0:0:1]} Rfe8 {[%emt 0:0:37]} 27. Qc6 {[%emt 0:0:48]} a5 {[%emt 0:0:0]} 28. g3 {[%emt 0:0:8]} Kg7 {[%emt 0:0:2]} 29. Rad1 {[%emt 0:0:13]} Qf5 {[%emt 0:0:23]} 30. Re3 {[%emt 0:2:17]} Rac8 {[%emt 0:0:20]} 31. Qd5 {[%emt 0:0:2]
} Rcd8 {[%emt 0:0:9]} 32. Qxd8 {[%emt 0:0:5]} Rxd8 {[%emt 0:0:0]} 33. Rxd8 {[%emt 0:0:1]} Qb1+ {[%emt 0:0:2]} 34. Kg2 {[%emt 0:0:2]
} Qxa2 {[%emt 0:0:3]} 35. Rxe5 {[%emt 0:0:29]} Qxb3 {[%emt 0:0:4]} 36. Rxa5 {[%emt 0:0:1]} Qe6 {[%emt 0:0:27]} 37. Rd1 {[%emt 0:0:50]} Qe4+ {[%emt 0:0:3]
} 38. Kg1 {[%emt 0:0:2]} h5 {[%emt 0:0:18]} 39. h4 {[%emt 0:0:0]} Qe2 {[%emt 0:0:2]} 40. Rda1 {[%emt 0:0:5]} Qe4 {[%emt 0:0:28]} 41. R5a4 {[%emt 0:0:8]} Qe5 {[%emt 0:0:2]} 42. Ra7 {[%emt 0:0:20]} Kg8 {[%emt 0:0:4]
} 43. Rb1 {[%emt 0:1:4]} Qe4 {[%emt 0:0:10]} 44. Rb8+ {[%emt 0:1:24]
} Kg7 {[%emt 0:0:11]} 45. Rbb7 {[%emt 0:0:2]} Qe1+ {[%emt 0:0:0]} 46. Kg2 {[%emt 0:0:2]} Qe4+ {[%emt 0:0:2]} 47. Kh2 {[%emt 0:0:1]} Qf3 {[%emt 0:0:24]} 48. Rxf7+ {[%emt 0:0:5]} Qxf7 {[%emt 0:0:2]} 49. Rxf7+ {[%emt 0:0:1]} Kxf7 {[%emt 0:0:2]} 50. Kg2 {[%emt 0:0:7]} Ke6 {[%emt 0:0:0]} 51. Kf3 {[%emt 0:0:7]} Ke5 {[%emt 0:0:10]} 52. g4 {[%emt 0:0:41]} hxg4+ {[%emt 0:0:5]} 53. Kxg4 {[%emt 0:0:1]} Kf6 {[%emt 0:0:14]} 54. Kf4 {[%emt 0:0:1]
} Ke6 {[%emt 0:0:5]} 55. Kg5 {[%emt 0:0:2]} Kf7 {[%emt 0:0:0]} 56. h5 {[%emt 0:0:5]} gxh5 {[%emt 0:0:2]} 57. Kxh5 {[%emt 0:0:1]} Kf6 {[%emt 0:0:2]} 58. Kg4 {[%emt 0:0:2]} Ke5 {[%emt 0:0:23]} 59. Kg5 {[%emt 0:0:5]
} Ke4 {[%emt 0:0:2]} 60. f4 {[%emt 0:0:2]} 1-0

[Event "FIDE World Rapid-ch Open 2018"]
[White "Goganov, Aleksey"]
[Black "Nepomniachtchi, Ian"]
[Site "St. Petersburg"]
[Round "1.9"]
[Annotator "TA"]
[Result "0-1"]
[Date "2018.12.26"]
[WhiteElo "2612"]
[BlackElo "2763"]
[PlyCount "60"]

1. d4 {} Nf6 2. c4 g6 3. Nc3 d5 4. cxd5 Nxd5 5. e4 Nxc3 6. bxc3 Bg7 7. Bg5 {D85: Exchange Grünfeld: Unusual White 7th moves and lines with 7
Nf3} (7. Bc4 c5 8. Ne2 Nc6 9. Be3 0-0 10. 0-0 Bg4 11. f3 Bd7 12. Rb1 Qc7 13. h4 cxd4 14. cxd4 Nxd4 15. Bxf7+ Rxf7 16. Nxd4 Rd8 17. Qb3 Qg3 18. Ne2 Qxh4 19. Bf2 Qf6 20. Rfd1 b6 {1/2-1/2 (119) Karjakin,S (2773)-Vachier Lagrave,M (2779)
Saint Louis 2018} )c5 8. Nf3 0-0 9. Rc1 Bg4 10. d5 Qd6 11. Be2 Bxf3 {
LiveBook: 4 Games} 12. Bxf3 Nd7 13. 0-0 b5 14. Be2 c4 {[#]} 15. f4 $146 {
} e6 (15... f6 $5 16. Bh4 $8 Nc5 $11 )16. e5 Qc5+ 17. Kh1 exd5 18. Bg4 Nb6 19. Qe1 Qc6 20. f5 {[#] f6 is the strong threat.} f6 21. exf6 Bxf6 22. Bh6 {And now fxg6 would win.} Rae8 $1 {} 23. Qd2 Bg7 $36 { Black is pushing.} 24. Rf3 Re4 (24... Qd7 $15 )25. Rg3 $2 (25. fxg6 $11 Qxg6 26. Bxg7 Kxg7 27. Bh3 )Qf6 26. Bxg7 (26. h3 $17 {
might work better.} Qe5 27. Rf3 )Kxg7 $19 ({Not} 26... Qxg7 27. Bf3 $15 )27. Bf3 (27. Rg1 $142 )Qxf5 28. Qb2 (28. Kg1 {is a better defense.} Qf4 29. Qxf4 Rexf4 30. Rg5 )Re3 {Black is clearly winning.} 29. Qxb5 Qe5 {
[#] ( -> ...Re1+)} 30. Qb1 Re8 {Precision: White = 29%, Black = 61%.} 0-1